| 000 | 00844cam a22002894a 4500 | ||
|---|---|---|---|
| 001 | 13148203 | ||
| 003 | OSt | ||
| 005 | 20180321144749.0 | ||
| 008 | 030404s2004 stka b 001 0 eng | ||
| 010 | _a 2003048876 | ||
| 020 | _a0443071322 | ||
| 035 | _a(DNLM)101174632 | ||
| 040 |
_aDNLM/DLC _cDLC |
||
| 042 | _apcc | ||
| 050 | 0 | 0 |
_aRS160 _b.F86 2004 |
| 060 | 1 | 0 |
_aQV 766 _bF981 2004 |
| 082 | 0 | 0 |
_aQV 752 F963m 2004 _221 |
| 100 |
_aMichael Heinrich [et... al] _911860 |
||
| 245 | 0 | 0 | _aFundamentals of Pharmacognosy and Phytotherapy |
| 260 |
_aEdinburgh ; _bChurchill Livingstone, _c2004. |
||
| 300 |
_aix, 309 p. : _bill. ; _c25 cm. |
||
| 504 | _aIncludes References, glossary and index. | ||
| 650 | 0 |
_aPharmacognosy. _91581 |
|
| 650 | 2 | 2 |
_aPhytotherapy. _91584 |
| 906 |
_a7 _bcbc _corignew _d1 _eocip _f20 _gy-gencatlg |
||
| 942 |
_2z _cSLOAN |
||
| 999 |
_c611 _d611 |
||